Spell the Marvel Character #270 - Statistics

General Stats
  • This quiz has been taken 12 times
  • The average score is 9 of 12
Answer Stats
Picture Answer % Correct
Ant-Man
100%
Thor
100%
Invisible Woman
91%
Iron Fist
91%
Outlaw
73%
Patsy Walker
73%
Spectrum
73%
Spider-Boy
73%
Thena
73%
Machine Man
64%
Miss Patriot
64%
Risque
27%
No matching quizzes found
Score Distribution
Percent of People with Each Score
Percentile by Number Answered
Your Score History
You have not taken this quiz